000 00586nam a2200205Ia 4500
005 20250508154726.0
008 008 250505s9999 xx 000 0 eng d
037 _aTextual
040 _aFEDL
_beng
_cFEDL
041 _aeng
_2eng
084 _a301, BUC
_qFEDL
100 _aBuckley Walter
245 0 _aSociology and modern systems theory
260 _aEnglewood Cliffs, New Jersey, USA
_bPrentice - Hall
_c1967
300 _axii,227p
490 _aPrentice - Hall sociology series
650 _aSociology
942 _cTEXL
_h301, BUC
999 _c1351813
_d1351813